[Event "22nd NAO"]
[Site "Stillwater, OK USA"]
[Date "2003.??.??"]
[EventDate "2003.??.??"]
[Round "7"]
[Result "0-1"]
[White "Renard W Anderson"]
[Black "Anna Zatonskih"]
[WhiteElo "2250"]
[BlackElo "2420"]
[PlyCount "84"]

1.e4 e6 2.d4 d5 3.Nc3 dxe4 4.Nxe4 Nd7 5.Bd3 Ngf6 6.Qe2 c5
7.Nxf6+ Nxf6 8. Nf3 cxd4 9.O-O Bc5 10.Rd1 Bd7 11.Bf4 Bc6
12.Be5 Nd7 13.Bb5 d3 14.Bxd3 O-O 15.Be4 Qe7 16.Bxc6 bxc6
17.Bc3 Nf6 18.Ne5 Nd5 19.Bd2 Qc7 20.c4 Bd6 21.Re1 Ne7 22.Bc3
c5 23.Qg4 Nf5 24.Rad1 Rad8 25.Rd3 f6 26.Nf3 Bxh2+ 27.Nxh2 Rxd3
28.Rxe6 Qd7 29.Qe2 Rd1+ 30.Nf1 Qd3 31.Qxd3 Rxd3 32.Ra6 Nd4
33.Ng3 Rf7 34. Kh2 f5 35.Nh5 f4 36.Bxd4 Rxd4 37.Re6 Rxc4
38.Kh3 Rc2 39.g4 Rxf2 40.g5 Rxb2 41.Re8+ Rf8 42.Re7 f3 0-1

[Event "22nd NAO"]
[Site "Stillwater, OK USA"]
[Date "2003.??.??"]
[EventDate "2003.??.??"]
[Round "8"]
[Result "1/2-1/2"]
[White "Anna Zatonskih"]
[Black "Michael A Brooks"]
[WhiteElo "2420"]
[BlackElo "2510"]
[PlyCount "70"]

1.e4 e5 2.Nf3 Nc6 3.Bb5 a6 4.Ba4 Nf6 5.O-O Be7 6.Re1 d6 7.c3
O-O 8.h3 Re8 9.d4 Bd7 10.Nbd2 Bf8 11.Bc2 g6 12.Nf1 Bg7 13.Ng3
h6 14.a3 Nh7 15.Be3 Qe7 16.Qd2 h5 17.Rad1 Bc8 18.Bb3 Nd8
19.Ng5 Ne6 20.Nf3 Kh8 21.Ba2 Bf6 22.b4 Rg8 23.Nh2 Bg5 24.Ne2
Bxe3 25.Qxe3 g5 26.Ng3 Nf4 27.Nf5 Qf6 28.dxe5 dxe5 29.Qc5 Be6
30.Bxe6 Nxe6 31.Qe7 Qxe7 32.Nxe7 Rgd8 33.Nf3 f6 34.g3 Kg7
35. Kf1 Kf7 1/2-1/2

[Event "22nd NAO"]
[Site "Stillwater, OK USA"]
[Date "2003.??.??"]
[EventDate "2003.??.??"]
[Round "9"]
[Result "1/2-1/2"]
[White "Rusudan Goletiani"]
[Black "Anna Zatonskih"]
[WhiteElo "2310"]
[BlackElo "2420"]
[PlyCount "27"]

1.e4 e6 2.d3 d5 3.Nd2 c5 4.g3 Nc6 5.Bg2 Nf6 6.Ngf3 Be7 7.O-O
b6 8.Re1 Bb7 9.c3 Qc7 10.a3 a5 11.a4 Ba6 12.e5 Nd7 13.Qe2 h6
14.Nf1 1/2-1/2

[Event "22nd NAO"]
[Site "Stillwater, OK USA"]
[Date "2003.??.??"]
[EventDate "2003.??.??"]
[Round "10"]
[Result "1/2-1/2"]
[White "Anna Zatonskih"]
[Black "Sonny Kamberi"]
[WhiteElo "2420"]
[BlackElo "2275"]
[PlyCount "105"]

1.e4 e5 2.Nf3 Nc6 3.Bb5 Nf6 4.d3 Bc5 5.c3 O-O 6.O-O d6 7.Nbd2
a6 8.Ba4 b5 9.Bb3 Bb7 10.Re1 Bb6 11.Nf1 d5 12.Qe2 dxe4 13.dxe4
Na5 14.Bc2 Ng4 15.Ne3 Nxe3 16.Bxe3 Bxe3 17.Qxe3 Nc4 18.Qc1 Qe7
19.Nd2 Nxd2 20.Qxd2 Rfd8 21.Qe2 c5 22.Rad1 Rxd1 23.Rxd1 Rd8
24.f3 Bc6 25.Rxd8+ Qxd8 26.Qd1 Qxd1+ 27.Bxd1 a5 28.a3 f6
29.Kf2 Kf7 30.Bb3+ Ke7 31.h4 g6 32.Ke3 h6 33.g3 Kf8 34.Kd2 Ke7
35.Bg8 Kf8 36.Ba2 Ke7 37.Kd3 c4+ 38.Ke3 a4 39.Bb1 Bd7 40.Bc2
g5 41.hxg5 hxg5 42.Bd1 Kf7 43.Be2 Kg7 44.Kf2 Kh6 45.Kg2 Kg6
46.Kh2 Kh6 47.Bf1 Kg6 48. Kg1 Kh6 49.Kf2 Kg6 50.Ke3 Kh6 51.Be2
Kg6 52.f4 Kh6 53.Bd1 1/2-1/2

[Event "36th Olympiad, Women"]
[Site "Calvia ESP"]
[Date "2004.10.15"]
[EventDate "2004.10.15"]
[Round "1"]
[Result "1-0"]
[White "Anna Zatonskih"]
[Black "Zaida Hernandez"]
[WhiteElo "2440"]
[BlackElo "2100"]
[PlyCount "61"]

1. e4 c5 2. g3 Nc6 3. Bg2 g6 4. d3 Bg7 5. f4 d6 6. Nf3 e6
7. c3 Nge7 8. O-O O-O 9. Be3 Qc7 10. a4 b6 11. Na3 d5 12. e5
Nf5 13. Bf2 h5 14. Qe2 Rb8 15. d4 cxd4 16. cxd4 Nb4 17. Rfc1
Qd7 18. Nb5 Ba6 19. h3 Nc6 20. g4 hxg4 21. hxg4 Nfe7 22. Rc3
Rfc8 23. Bh4 Na5 24. Bf6 Rxc3 25. bxc3 Rc8 26. Qe1 Bxb5
27. axb5 Kf8 28. Qh4 Ng8 29. g5 Bxf6 30. gxf6 Qd8 31. Qh8 1-0

[Event "36th Olympiad, Women"]
[Site "Calvia ESP"]
[Date "2004.10.16"]
[EventDate "2004.10.15"]
[Round "2"]
[Result "1-0"]
[White "Anna Zatonskih"]
[Black "Diana Ivoskaite"]
[WhiteElo "2440"]
[BlackElo "2043"]
[PlyCount "69"]

1. e4 c6 2. d4 d5 3. Nc3 dxe4 4. Nxe4 Nd7 5. Nf3 Ngf6 6. Nxf6+
Nxf6 7. g3 Bg4 8. Bg2 e6 9. c3 Bd6 10. O-O O-O 11. h3 Bh5
12. Qe2 Bxf3 13. Bxf3 Re8 14. Rd1 Qe7 15. Be3 Rad8 16. Bg2 a5
17. f4 c5 18. Kh2 Nd5 19. Bf2 b5 20. Bxd5 exd5 21. Qxe7 Rxe7
22. dxc5 Bc7 23. Rd2 h5 24. h4 Re4 25. Rad1 g5 26. hxg5 h4
27. Rxd5 hxg3+ 28. Bxg3 Rde8 29. Kh3 Bxf4 30. Bxf4 Rxf4
31. Rd8 Rxd8 32. Rxd8+ Kg7 33. Ra8 b4 34. cxb4 Rxb4 35. b3 1-0

[Event "36th Olympiad, Women"]
[Site "Calvia ESP"]
[Date "2004.10.17"]
[EventDate "2004.10.15"]
[Round "3.5"]
[Result "1-0"]
[White "Anna Zatonskih"]
[Black "Jana Krivec"]
[WhiteElo "2440"]
[BlackElo "2214"]
[PlyCount "77"]

1. e4 e5 2. Nf3 d6 3. Bc4 Be7 4. c3 Nf6 5. d3 O-O 6. O-O h6
7. Nbd2 Nc6 8. Bb3 Nh7 9. Nc4 Ng5 10. Nxg5 Bxg5 11. f4 Bxf4
12. Bxf4 exf4 13. Rxf4 Qg5 14. Qf3 Be6 15. d4 d5 16. Nd2 dxe4
17. Nxe4 Qe7 18. Nc5 Nd8 19. Re1 Qd6 20. Nxe6 Nxe6 21. Rxf7
Rxf7 22. Bxe6 Qxe6 23. Rxe6 Rxf3 24. gxf3 Kf7 25. Re4 a5
26. Re5 Ra6 27. Rc5 c6 28. b3 a4 29. b4 b5 30. Kf2 Ke6 31. Ke3
Rb6 32. Ke4 Kd6 33. d5 cxd5+ 34. Rxd5+ Kc6 35. Rc5+ Kd6 36. f4
Rb8 37. Kd4 g6 38. f5 g5 39. Re5 1-0

[Event "36th Olympiad, Women"]
[Site "Mallorca ESP"]
[Date "2004.10.18"]
[EventDate "2004.10.15"]
[Round "4.2"]
[Result "1/2-1/2"]
[White "Ekaterina Kovalevskaya"]
[Black "Anna Zatonskih"]
[WhiteElo "2471"]
[BlackElo "2440"]
[PlyCount "90"]

1. e4 e6 2. d4 d5 3. Nd2 c5 4. exd5 Qxd5 5. Ngf3 cxd4 6. Bc4
Qd8 7. O-O Nc6 8. Nb3 a6 9. Nbxd4 Nxd4 10. Nxd4 Qc7 11. Bb3
Bd6 12. h3 Ne7 13. c3 O-O 14. Qh5 e5 15. Nf3 Bf5 16. Ng5 Bg6
17. Qe2 Qc6 18. Re1 h6 19. Nf3 Rae8 20. Qc4 e4 21. Nd4 Qd7
22. Be3 b5 23. Qe2 Nc6 24. Qg4 Qxg4 25. hxg4 Ne5 26. Bf4 Nf3+
27. Nxf3 Bxf4 28. Nh4 Kh7 29. Bc2 e3 30. Nf5 Bxf5 31. gxf5 g6
32. g3 exf2+ 33. Kxf2 Bd6 34. Kf3 Kg7 35. Rad1 Rxe1 36. Rxe1
gxf5 37. Bxf5 Kf6 38. Be4 h5 39. Rd1 Ke7 40. Rh1 Rg8 41. Rxh5
Rxg3+ 42. Kf2 Rg4 43. Bd3 b4 44. Bxa6 bxc3 45. bxc3 Ra4
1/2-1/2

[Event "36th Olympiad, Women"]
[Site "Calvia ESP"]
[Date "2004.10.19"]
[EventDate "2004.10.15"]
[Round "5"]
[Result "1-0"]
[White "Anna Zatonskih"]
[Black "Svetlana Agrest"]
[WhiteElo "2440"]
[BlackElo "2238"]
[PlyCount "45"]

1. d4 d6 2. e4 Nf6 3. Bd3 e5 4. c3 d5 5. dxe5 Nxe4 6. Nf3 Nc6
7. Nbd2 Nc5 8. Bb1 Bg4 9. b4 Ne6 10. O-O Nxe5 11. Re1 Nd7
12. h3 Bh5 13. Nb3 c6 14. Nbd4 Qf6 15. g4 O-O-O 16. gxh5 Nxd4
17. Nxd4 Bd6 18. Qg4 Rde8 19. Rxe8+ Rxe8 20. Bf5 Re1+ 21. Kg2
Qe7 22. Bg5 f6 23. Bxd7+ 1-0

[Event "36th Olympiad, Women"]
[Site "Calvia ESP"]
[Date "2004.10.20"]
[EventDate "2004.10.15"]
[Round "6"]
[Result "0-1"]
[White "Anna Zatonskih"]
[Black "Lela Javakhishvili"]
[WhiteElo "2440"]
[BlackElo "2423"]
[PlyCount "102"]

1. e4 c5 2. Nf3 e6 3. d3 Nc6 4. g3 g6 5. Bg2 Bg7 6. h4 h6
7. O-O Nge7 8. c3 e5 9. Be3 d6 10. d4 exd4 11. cxd4 Bg4
12. dxc5 dxc5 13. Qc1 Nd4 14. Nxd4 cxd4 15. Bf4 Qd7 16. Qd2
Bh3 17. Bxh3 Qxh3 18. Bd6 Qd7 19. Ba3 O-O 20. Nc3 Rfd8
21. Rad1 Qe8 22. Nb5 Qxb5 23. Bxe7 Re8 24. Qb4 Qd7 25. Bc5
Rxe4 26. Qa3 Qd5 27. Bb4 g5 28. hxg5 hxg5 29. Rd2 Bf6 30. Qa5
Qe6 31. Qb5 Kg7 32. Qd3 g4 33. Rdd1 Re8 34. Rfe1 Qf5 35. Rxe4
Rxe4 36. b3 Kg6 37. Kg2 Re6 38. Qd2 Qf3+ 39. Kg1 Re2 40. Qd3+
Qxd3 41. Rxd3 Rxa2 42. Bc5 Kf5 43. f3 gxf3 44. Rxf3+ Ke6
45. g4 b6 46. g5 Be5 47. Bb4 a5 48. Be1 b5 49. Bf2 Ra3 50. Rh3
Kf5 51. Rh5 Kg6 0-1

[Event "36th Olympiad, Women"]
[Site "Calvia ESP"]
[Date "2004.10.23"]
[EventDate "2004.10.15"]
[Round "8"]
[Result "1-0"]
[White "Anna Zatonskih"]
[Black "Nelly Aginian"]
[WhiteElo "2440"]
[BlackElo "2310"]
[PlyCount "63"]

1. e4 d5 2. exd5 Qxd5 3. Nf3 Nf6 4. d4 Bg4 5. Be2 Nc6 6. h3
Bf5 7. O-O e6 8. c4 Qd7 9. Qb3 Nxd4 10. Nxd4 Qxd4 11. Qxb7 Be4
12. Qxc7 Bd6 13. Qa5 Rb8 14. Nc3 Bc6 15. Rd1 Qe5 16. Qxe5 Bxe5
17. Nb5 a6 18. f4 Bxb2 19. Bxb2 axb5 20. Bxf6 gxf6 21. cxb5
Be4 22. Kf2 Ra8 23. a4 Ra5 24. Rac1 O-O 25. Rd4 f5 26. Rc7 Bd5
27. b6 Kg7 28. b7 Rb8 29. Rb4 Raa8 30. Bf3 Be4 31. Bxe4 fxe4
32. a5 1-0

[Event "36th Olympiad, Women"]
[Site "Calvia ESP"]
[Date "2004.10.24"]
[EventDate "2004.10.15"]
[Round "9"]
[Result "1/2-1/2"]
[White "Anna Zatonskih"]
[Black "Marta (Zielinska) Michna"]
[WhiteElo "2440"]
[BlackElo "2395"]
[PlyCount "195"]

1. e4 g6 2. d4 Bg7 3. Nf3 d6 4. c3 e6 5. Bd3 Nd7 6. Be3 b6
7. h4 h6 8. Qe2 Bb7 9. Na3 Ne7 10. Nd2 a6 11. f4 Nf6 12. O-O-O
d5 13. e5 Ne4 14. Nxe4 dxe4 15. Bb1 h5 16. Nc4 Nf5 17. Qf2 Qd7
18. Nd2 Qa4 19. Nxe4 Bd5 20. a3 Qc6 21. Qf3 O-O-O 22. Bf2 Bf8
23. Qe2 Kb8 24. Bd3 Bb3 25. Bc2 Bc4 26. Qf3 Be7 27. Kb1 a5
28. Bd3 Bb3 29. Rc1 Qa4 30. Qe2 Bd5 31. Qc2 Bb3 32. Qe2 Bd5
33. Nd2 Qc6 34. Be4 a4 35. g3 Rd7 36. Rhe1 Rhd8 37. Bd3 Qa8
38. Red1 Qa5 39. Nc4 Qa8 40. Nd2 Qa5 41. Ka1 c5 42. Bb5 Rc7
43. c4 Bb7 44. Nb1 cxd4 45. Qc2 Bc6 46. Bxc6 Rxc6 47. Qe4 Rdc8
48. Nd2 b5 49. Bxd4 Nxg3 50. Qd3 Nf5 51. Bc3 b4 52. axb4 Bxb4
53. Bxb4 Qxb4 54. Rc3 Rb6 55. Rb1 Qc5 56. Qc2 Rb4 57. Ne4 Qc6
58. Nd6 Nxd6 59. exd6 Qxd6 60. c5 Qxf4 61. c6 Rb6 62. Rc1 Rc7
63. Qd3 Qb4 64. R1c2 Qxh4 65. Qd6 Qh1+ 66. Rc1 Qd5 67. Qf8+
Rc8 68. c7+ Kb7 69. Qxf7 a3 70. Rxa3 Ra6 71. Rxa6 Kxa6
72. Qxg6 Kb7 73. Kb1 Rxc7 74. Re1 Rc6 75. Qg7+ Ka6 76. Qg6 Qd2
77. Qe4 Kb6 78. Qe3+ Qxe3 79. Rxe3 Rd6 80. Kc2 Kc6 81. Re5 h4
82. Re4 Kd5 83. Rxh4 e5 84. Kd3 Rb6 85. b4 Rb8 86. Rh7 Rxb4
87. Rd7+ Ke6 88. Rd8 Rf4 89. Ke3 Ra4 90. Re8+ Kd6 91. Rd8+ Ke7
92. Rh8 Rg4 93. Ra8 Kf7 94. Rb8 Kf6 95. Rf8+ Ke7 96. Ra8 Rd4
97. Rb8 Ke6 98. Re8+ 1/2-1/2

[Event "36th Olympiad, Women"]
[Site "Calvia ESP"]
[Date "2004.10.25"]
[EventDate "2004.10.15"]
[Round "10"]
[Result "1/2-1/2"]
[White "Zhao Xue"]
[Black "Anna Zatonskih"]
[WhiteElo "2487"]
[BlackElo "2440"]
[PlyCount "175"]

1. d4 d5 2. c4 c6 3. Nc3 Nf6 4. e3 a6 5. Nf3 b5 6. c5 g6
7. Qb3 a5 8. Be2 Bg7 9. Qd1 Nbd7 10. Bd2 O-O 11. O-O Re8
12. a4 b4 13. Na2 e5 14. Nc1 Qc7 15. Nb3 h5 16. Ng5 e4 17. f4
Nf8 18. Nh3 Bxh3 19. gxh3 N6h7 20. Qe1 Qe7 21. Qg3 Kh8 22. Kh1
f5 23. Rg1 Qf7 24. Rg2 Ra7 25. Rag1 Nf6 26. Qe1 Re6 27. Qf1
Ne8 28. Be1 Bf6 29. Bf2 Ng7 30. Qe1 Qe7 31. Qd2 Qf7 32. Rd1
Nh7 33. Rdg1 Nf8 34. Qd1 Kh7 35. Na1 Ra8 36. Nc2 Ra7 37. Ne1
Ra8 38. Rf1 Kh8 39. Rgg1 Nh7 40. Ng2 Kg8 41. Bh4 Kf8 42. Bxf6
Qxf6 43. Qe1 Kf7 44. Nh4 Nf8 45. Rg5 Rb8 46. Rfg1 Ra8 47. Bd1
Rb8 48. Qe2 Ra8 49. Qf1 Ra7 50. Be2 Ra8 51. Qd1 Rc8 52. Qf1
Ra8 53. Qf2 Rc8 54. R5g2 Ra8 55. Rg5 Rc8 56. Bd1 Rb8 57. Qe1
Rc8 58. Qd2 Rb8 59. Qg2 Rc8 60. Qe2 Ra8 61. Qe1 Rc8 62. R1g2
Rb8 63. Rg1 Rc8 64. Be2 Ra8 65. Qd1 Rc8 66. Bf1 Ra8 67. Qe1
Rc8 68. Be2 Ra8 69. Bd1 Rc8 70. Kg2 Ra8 71. Kf1 Rc8 72. Ke2
Ra8 73. Kd2 Rc8 74. Kc2 Ra8 75. Kb3 Rc8 76. Qf1 Ra8 77. Be2
Rc8 78. Ka2 Ra8 79. Ba6 Rb8 80. Kb3 Qe7 81. Qg2 Qf6 82. Be2
Ra8 83. Qf1 Rc8 84. Qd1 Rce8 85. Bf1 Rc8 86. Be2 Rce8 87. Bf1
Rc8 88. Be2 1/2-1/2

[Event "36th Olympiad, Women"]
[Site "Calvia ESP"]
[Date "2004.10.26"]
[EventDate "2004.10.15"]
[Round "11"]
[Result "1-0"]
[White "Zuzana Stockova"]
[Black "Anna Zatonskih"]
[WhiteElo "2351"]
[BlackElo "2440"]
[PlyCount "93"]

1. e4 e6 2. d4 d5 3. Nd2 c5 4. exd5 Qxd5 5. Ngf3 cxd4 6. Bc4
Qd8 7. Nb3 Nc6 8. Nbxd4 Nxd4 9. Nxd4 a6 10. Be3 Qa5+ 11. c3
Nf6 12. Qe2 Be7 13. Nf3 O-O 14. Bd4 b5 15. Bd3 Bb7 16. O-O b4
17. cxb4 Qxb4 18. a3 Qd6 19. Rad1 Qf4 20. Be5 Qa4 21. Nd4 Rfd8
22. Qe3 h6 23. Bc2 Qa5 24. b4 Qd5 25. Nf3 Qb5 26. Nd4 Rxd4
27. Rxd4 Qc6 28. Qf3 Qb5 29. a4 Qb6 30. Qd3 g6 31. Bd6 Qc6
32. f3 Bd8 33. Bc5 Bc7 34. Qe3 a5 35. b5 Qxc5 36. Rd8+ Bxd8
37. Qxc5 Rc8 38. Qd6 Nd5 39. Be4 Bc7 40. Qa3 Bb6+ 41. Kh1 f5
42. Bxd5 Bxd5 43. Rc1 Rf8 44. Qd6 Ba7 45. b6 Bb8 46. Qd7 Bf4
47. Rc8 1-0

[Event "36th Olympiad, Women"]
[Site "Calvia ESP"]
[Date "2004.10.27"]
[EventDate "2004.10.15"]
[Round "12"]
[Result "1-0"]
[White "Anna Zatonskih"]
[Black "Nikoletta Lakos"]
[WhiteElo "2440"]
[BlackElo "2359"]
[PlyCount "75"]

1. e4 c5 2. Nf3 e6 3. d4 cxd4 4. Nxd4 a6 5. c4 Nf6 6. Nc3 Qc7
7. a3 b6 8. Bd3 Bc5 9. Nb3 Be7 10. f4 d6 11. O-O Bb7 12. Qe2
Nbd7 13. Bd2 O-O 14. Kh1 Rfe8 15. Rae1 Rad8 16. Bc2 g6 17. Bd3
Bf8 18. Nd4 Bg7 19. Nf3 Re7 20. b4 Qb8 21. Qf2 Ree8 22. h3 h6
23. Nh2 Qc7 24. Rc1 Qb8 25. Rfe1 Nh5 26. Nf1 Bc6 27. Qe2 Qa8
28. Kh2 e5 29. f5 Nf4 30. Qf3 gxf5 31. Ng3 fxe4 32. Bxe4 Bxe4
33. Ncxe4 Nf6 34. Nf5 Nxe4 35. Rxe4 d5 36. Rxf4 Bf8 37. Rg4+
Kh8 38. Nxh6 1-0

[Event "36th Olympiad, Women"]
[Site "Calvia ESP"]
[Date "2004.10.28"]
[EventDate "2004.10.15"]
[Round "13"]
[Result "1/2-1/2"]
[White "Silvia (Aleksieva) Collas"]
[Black "Anna Zatonskih"]
[WhiteElo "2349"]
[BlackElo "2440"]
[PlyCount "28"]

1. Nf3 d5 2. d4 Nf6 3. c4 e6 4. Nc3 dxc4 5. e4 Bb4 6. Bg5 c5
7. Bxc4 cxd4 8. Bb5+ Bd7 9. Nxd4 Qa5 10. Bxf6 gxf6 11. O-O
Bxc3 12. Bxd7+ Nxd7 13. bxc3 a6 14. Re1 O-O-O 1/2-1/2

[Event "36th Olympiad, Women"]
[Site "Calvia ESP"]
[Date "2004.10.29"]
[EventDate "2004.10.15"]
[Round "14"]
[Result "1-0"]
[White "Anna Zatonskih"]
[Black "Hoang Xuan Thanh Khiet"]
[WhiteElo "2440"]
[BlackElo "2144"]
[PlyCount "99"]

1. e4 c5 2. Nf3 d6 3. c3 Nf6 4. h3 Nc6 5. Bd3 e6 6. O-O Be7
7. Bc2 O-O 8. Re1 Qc7 9. d4 b6 10. a3 Rd8 11. Nbd2 Ba6 12. Nf1
cxd4 13. cxd4 Rac8 14. Bd2 Na5 15. Rc1 Qd7 16. Bc3 Nc4 17. Bd3
Bb7 18. Ng3 Rc7 19. Qe2 Rdc8 20. d5 e5 21. Ra1 Na5 22. Nd2 Ba8
23. Bxa5 bxa5 24. Nc4 a4 25. Ne3 Rb8 26. Rac1 Rcb7 27. Rc2 Bd8
28. Rec1 g6 29. Kh2 Bb6 30. Bb5 Qd8 31. Bxa4 Bd4 32. Nc4 Rc7
33. b4 h5 34. Qf3 Nh7 35. Na5 Ng5 36. Qe2 Re7 37. Qd2 f6
38. f3 h4 39. Ne2 Bf2 40. Bc6 Qb6 41. Qd3 Be3 42. Nc4 Qd8
43. Qxe3 Bxc6 44. dxc6 Rc8 45. b5 Nf7 46. Rd1 Re6 47. Rcd2 Rc7
48. a4 f5 49. Kh1 Qf6 50. Nc3 1-0

[Event "Chessmaster US Championships 2005"]
[Site "San Diego, CA USA"]
[Date "2004.11.24"]
[EventDate "2004.11.06"]
[Round "1"]
[Result "0-1"]
[White "Alexander Shabalov"]
[Black "Anna Zatonskih"]
[WhiteElo "2608"]
[BlackElo "2440"]
[PlyCount "114"]

1. e4 e6 2. d4 d5 3. e5 c5 4. c3 Qb6 5. Nf3 Bd7 6. Bd3 cxd4
7. Nxd4 Ne7 8. O-O Nbc6 9. Nxc6 Nxc6 10. Qe2 h6 11. b4 g6
12. Nd2 Bg7 13. Nf3 Qc7 14. Re1 Ne7 15. Be3 O-O 16. Qd2 Kh7
17. Bc5 Rfe8 18. h4 Qd8 19. h5 b6 20. Bxe7 Rxe7 21. Qf4 Be8
22. Nd4 Rc8 23. Re3 Kh8 24. hxg6 Rxc3 25. gxf7 Bxf7 26. b5
Rec7 27. Nc6 Qf8 28. Rf3 Qa3 29. Rd1 Bh5 30. Rh3 Rf7 31. Qg3
Bxd1 32. Nd8 Re7 33. Qg6 Rxd3 34. Rxh6+ Bxh6 35. Qxh6+ Kg8
36. Nxe6 Rxe6 37. Qxe6+ Kf8 38. Qf6+ Ke8 39. Qe6+ Kf8 40. Qf6+
Ke8 41. Qg6+ Kd8 42. Qg8+ Kd7 43. Qf7+ Qe7 44. Qf5+ Qe6
45. Qxd3 Bh5 46. Qh7+ Bf7 47. f4 Qg6 48. Qh3+ Be6 49. Qa3 Qb1+
50. Kf2 Ke8 51. Qd6 Qc2+ 52. Kg3 Qf5 53. Qc6+ Kf7 54. Qb7+ Kg6
55. Qxa7 Qg4+ 56. Kh2 Qxf4+ 57. Kh1 Qh4+ 0-1

[Event "Lindsborg op"]
[Site "Lindsborg"]
[Date "2004.12.21"]
[EventDate "?"]
[Round "8"]
[Result "0-1"]
[White "Carl Brandon Boor"]
[Black "Anna Zatonskih"]
[WhiteElo "2226"]
[BlackElo "2440"]
[PlyCount "80"]

1. d4 d5 2. c4 c6 3. cxd5 cxd5 4. Nc3 Nf6 5. f3 Qa5 6. Bg5 Nc6
7. a3 e6 8. e3 Be7 9. Bd3 h6 10. Bh4 O-O 11. b4 Qd8 12. f4 Ne4
13. Bxe7 Nxc3 14. Bxd8 Nxd1 15. Kxd1 Rxd8 16. Nf3 Bd7 17. Kd2
Ne7 18. Rhc1 Rdc8 19. g4 Rxc1 20. Rxc1 Rc8 21. Rg1 Rc7 22. h4
Nc8 23. h5 Nd6 24. g5 hxg5 25. fxg5 Bb5 26. h6 Bxd3 27. Kxd3
gxh6 28. gxh6+ Kh7 29. Ne5 Kxh6 30. Rg8 Ne4 31. Rd8 Kg5 32. a4
f6 33. Rg8+ Kf5 34. Nf3 Rc3+ 35. Ke2 Ng5 36. Rg7 Ra3 37. a5
Ra2+ 38. Nd2 Ne4 39. Rxb7 Rxd2+ 40. Ke1 a6 0-1

[Event "US Championship 2006"]
[Site "San Diego, CA USA"]
[Date "2006.03.02"]
[EventDate "2006.??.??"]
[Round "1"]
[Result "1/2-1/2"]
[White "Anna Zatonskih"]
[Black "Boris Gulko"]
[WhiteElo "2469"]
[BlackElo "2678"]
[PlyCount "76"]

1. e4 c5 2. c3 e6 3. d4 d5 4. exd5 exd5 5. Nf3 Nc6 6. Bb5 Bd6
7. dxc5 Bxc5 8. O-O Nge7 9. Nbd2 O-O 10. Nb3 Bd6 11. Bd3 h6
12. h3 Nf5 13. Bc2 Re8 14. Re1 Rxe1+ 15. Qxe1 Be6 16. Be3 Qf6
17. Bc5 Bc7 18. Rd1 Nh4 19. Nxh4 Qxh4 20. Qe3 Ne5 21. Nd4 Bg4
22. hxg4 Nxg4 23. Nf3 Bh2+ 24. Kh1 Qh5 25. Qd3 Bd6+ 26. Kg1
Bxc5 27. Qh7+ Kf8 28. Qh8+ Ke7 29. Qxa8 Bxf2+ 30. Kf1 Qh1+
31. Ke2 Qxg2 32. Qxb7+ Kf6 33. Qc6+ Ke7 34. Qc7+ Ke6 35. Qc8+
Ke7 36. Qc7+ Ke6 37. Qc6+ Ke7 38. Qc7+ Ke6 1/2-1/2

[Event "US Championship 2006"]
[Site "San Diego, CA USA"]
[Date "2006.03.05"]
[EventDate "2006.??.??"]
[Round "3"]
[Result "1-0"]
[White "Anna Zatonskih"]
[Black "Tatev Abrahamyan"]
[WhiteElo "2433"]
[BlackElo "2254"]
[PlyCount "91"]

1. Nf3 Nf6 2. c4 c5 3. Nc3 b6 4. e3 Bb7 5. d4 cxd4 6. exd4 e6
7. Bd3 Be7 8. O-O d6 9. d5 e5 10. Nh4 Bc8 11. Nf5 Bxf5
12. Bxf5 O-O 13. f4 exf4 14. Bxf4 g6 15. Bh3 Nbd7 16. Nb5 Ne8
17. Bh6 Ng7 18. Bxd7 Qxd7 19. Qf3 f5 20. Bxg7 Kxg7 21. Nd4 Kg8
22. Ne6 Rf7 23. Rf2 Bf6 24. Raf1 Rc8 25. Qd3 Be5 26. g4 f4
27. Qe4 b5 28. c5 Qe7 29. c6 Rxc6 30. dxc6 Qxe6 31. Kh1 d5
32. Qf3 Qxc6 33. Rd1 Rd7 34. Rfd2 Qc5 35. Rxd5 Rxd5 36. Qxd5+
Qxd5+ 37. Rxd5 Bxb2 38. Rxb5 Bd4 39. Kg2 h6 40. Kf3 Be3
41. Rb7 Kh8 42. h4 Kg8 43. h5 g5 44. Ke4 Bc5 45. Kf5 f3
46. Kg6 1-0

[Event "US Championship 2006"]
[Site "San Diego, CA USA"]
[Date "2006.03.08"]
[EventDate "2006.??.??"]
[Round "6"]
[Result "1-0"]
[White "Gregory Kaidanov"]
[Black "Anna Zatonskih"]
[WhiteElo "2603"]
[BlackElo "2433"]
[PlyCount "81"]

1. e4 d5 2. exd5 Qxd5 3. Nf3 Bg4 4. Be2 c6 5. d4 Nf6 6. c4 Qd8
7. Nc3 e6 8. h3 Bh5 9. O-O Bd6 10. Bg5 h6 11. Bxf6 gxf6 12. d5
Qe7 13. Re1 Na6 14. Nh4 Bxe2 15. Qxe2 Be5 16. dxc6 bxc6
17. Qf3 Rc8 18. Rad1 O-O 19. Qh5 Kh7 20. Ne4 Rfd8 21. Nf3 Bb8
22. Qa5 Nc7 23. Nd4 Nd5 24. cxd5 cxd5 25. Nc3 Qd6 26. Nf3 Rg8
27. Ne4 Qf4 28. Ng3 Rc2 29. Rd4 Qxf3 30. gxf3 Bxg3 31. Rg4
Bxf2+ 32. Kh1 Bxe1 33. Qxe1 Rxg4 34. hxg4 Rxb2 35. Qc3 Rxa2
36. Qxf6 Kg8 37. Qxh6 Rf2 38. Qf6 a5 39. Kg1 Rc2 40. g5 Rc6
41. g6 1-0

[Event "US Championship 2006"]
[Site "San Diego, CA USA"]
[Date "2006.03.11"]
[EventDate "2006.??.??"]
[Round "9"]
[Result "1/2-1/2"]
[White "Anna Zatonskih"]
[Black "Aleksander Wojtkiewicz"]
[WhiteElo "2433"]
[BlackElo "2554"]
[PlyCount "27"]

1. e4 c5 2. c3 d5 3. exd5 Qxd5 4. d4 Nf6 5. Na3 a6 6. dxc5
Qxc5 7. Nf3 Nbd7 8. Be3 Qc7 9. Qa4 e6 10. Bf4 Qc5 11. Be3 Qc7
12. Bf4 Qc5 13. Be3 Qc7 14. Bf4 1/2-1/2

[Event "US Championship Women's Final"]
[Site "San Diego USA"]
[Date "2006.03.12"]
[EventDate "2006.??.??"]
[Round "1"]
[Result "0-1"]
[White "Rusudan Goletiani"]
[Black "Anna Zatonskih"]
[WhiteElo "2378"]
[BlackElo "2433"]
[PlyCount "67"]

1. Nf3 Nf6 2. c4 c6 3. g3 d5 4. cxd5 cxd5 5. Bg2 Nc6 6. O-O e5
7. d4 e4 8. Ne5 Be7 9. Nc3 h6 10. f3 exf3 11. exf3 O-O 12. Be3
Na5 13. Qa4 a6 14. Rad1 b5 15. Qc2 Bb7 16. Qf2 Rc8 17. Bh3 Rc7
18. Rc1 Bd6 19. Bf5 Re8 20. Rfd1 Rce7 21. f4 Rc7 22. Bb1 Bc8
23. Ne2 Ng4 24. Qf3 Nc4 25. Bd2 Nf6 26. Be1 Nxb2 27. Ba5 Rxc1
28. Bxd8 Rxd1+ 29. Kg2 Rxd8 30. Bc2 Rd2 31. Bb3 Bxe5 32. fxe5
Bg4 33. Qc3 Rxe2+ 34. Kf1 0-1

[Event "Spring North American FIDE Invitational"]
[Site "Schaumburg, IL USA"]
[Date "2006.04.18"]
[EventDate "2006.04.18"]
[Round "1"]
[Result "0-1"]
[White "Anna Zatonskih"]
[Black "Victor Mikhalevski"]
[WhiteElo "2433"]
[BlackElo "2570"]
[PlyCount "104"]

1. d4 Nf6 2. Nf3 d5 3. g3 c6 4. Bg2 Bg4 5. O-O Nbd7 6. Nbd2 e6
7. Re1 Be7 8. e4 O-O 9. c3 Bh5 10. e5 Ne8 11. Nb3 Nc7 12. Bf4
a5 13. Qd2 a4 14. Nc1 c5 15. Nd3 Nb5 16. Be3 Qb6 17. dxc5 Nxc5
18. Nf4 Bg4 19. Nd4 Nxd4 20. Bxd4 Rfc8 21. h3 Bf5 22. Rad1 Qb5
23. g4 Bg6 24. Nxg6 fxg6 25. f4 Rf8 26. Rf1 Rad8 27. Qc2 Qc6
28. Rd2 Ne4 29. Bxe4 dxe4 30. Re2 a3 31. bxa3 e3 32. Bxe3 Qc4
33. Bd4 Bc5 34. Bxc5 Qxc5 35. Kh2 Qxa3 36. Ref2 Qc5 37. Qb3
Kh8 38. Qxe6 g5 39. f5 Rfe8 40. Qf7 Qxe5 41. Kg2 Qe4 42. Kh2
Re7 43. Qh5 Qe5 44. Kh1 Qf6 45. h4 gxh4 46. g5 Qxc3 47. f6
gxf6 48. Rxf6 Qh3 49. Kg1 Qg3 50. Kh1 Re1 51. Qh6 Rg8 52. R6f3
Qxf3 0-1

[Event "Spring North American FIDE Invitational"]
[Site "Schaumburg, IL USA"]
[Date "2006.04.19"]
[EventDate "2006.04.18"]
[Round "4"]
[Result "1/2-1/2"]
[White "Stanislav G Kriventsov"]
[Black "Anna Zatonskih"]
[WhiteElo "2449"]
[BlackElo "2433"]
[PlyCount "98"]

1. e4 e6 2. d4 d5 3. Nc3 dxe4 4. Nxe4 Nd7 5. Nf3 Ngf6 6. Nxf6
Nxf6 7. c3 c5 8. Ne5 a6 9. Bg5 h6 10. Bh4 Qd5 11. Bxf6 gxf6
12. Nc4 cxd4 13. Nb6 Qe4 14. Be2 Rb8 15. Qa4 Qc6 16. Qxc6 bxc6
17. Nxc8 Rxc8 18. cxd4 Bb4 19. Kd1 Rd8 20. Bxa6 Rxd4 21. Kc2
Rd2 22. Kb3 Ba5 23. Rac1 O-O 24. Ka4 Bb6 25. Rxc6 Bd4 26. Rhc1
Rxb2 27. R1c2 Rfb8 28. a3 Bxf2 29. Rc8 Rxc8 30. Rxb2 Bd4
31. Bxc8 Bxb2 32. Kb4 Be5 33. h3 Bd6 34. Kb3 Kg7 35. a4 Kg6
36. Kc4 Kg5 37. a5 Kh4 38. a6 Bb8 39. Kd3 Kg3 40. Bb7 Kf2
41. Bc6 f5 42. Be8 e5 43. Bxf7 e4 44. Kd4 Kxg2 45. Bg6 Ba7
46. Ke5 e3 47. Bh5 Kxh3 48. Kxf5 Kh4 49. Kg6 Kg3 1/2-1/2